|
|
|
|
| LEADER |
00869nam a2200265Ia 4500 |
| 001 |
TVU_22321 |
| 008 |
210423s9999 xx 000 0 und d |
| 020 |
|
|
|a 9786049440151
|
| 041 |
|
|
|a Vie
|
| 082 |
|
|
|a 398.209597
|
| 082 |
|
|
|b Th121
|
| 245 |
|
0 |
|a Thần Rủa Yang Con Rung Brah Thô Yang Kon Rung :
|
| 245 |
|
0 |
|b Sử thi M'Nông
|
| 245 |
|
0 |
|c Điểu KLứt (Hát kể); Trương Bi (sưu tầm) ; Điểu Kâu (biên dịch)
|
| 260 |
|
|
|a Hà Nội
|
| 260 |
|
|
|b Khoa học Xã hội
|
| 260 |
|
|
|c 2015
|
| 300 |
|
|
|a 327 tr.
|
| 300 |
|
|
|c 21 cm
|
| 504 |
|
|
|a Phụ chú: tr. 236-237
|
| 650 |
|
|
|a Văn hóa dân gian; Người M'Nông; Văn học sử thi
|
| 700 |
|
|
|a Điểu KLứt; Trương Bi
|
| 700 |
|
|
|e hát kể,biên dịch,sưu tầm
|
| 710 |
|
|
|a Hội Văn nghệ Dân gian Việt Nam
|
| 980 |
|
|
|a Trung tâm Học liệu Trường Đại học Trà Vinh
|